香港通宵巴士路線 All-night Route in Hongkong - Statistics

General Stats
  • This quiz has been taken 13 times
  • The average score is 52 of 74
Answer Stats
Hint Answer % Correct
港島區通宵路線 N8
100%
機場通宵路線 N11
92%
N21
92%
N42
92%
NA11
92%
NA12
92%
過海通宵路線 N118
85%
N21A
85%
N23
85%
N26
85%
N269
85%
N29
85%
N30
85%
N31
85%
大嶼山通宵路線 N35
85%
N8P
85%
NA21
85%
NA41
85%
N121
77%
N20
77%
N307
77%
N36
77%
N8X
77%
NA10
77%
NA20
77%
NA29
77%
NA31
77%
NA32
77%
NA33
77%
NA36
77%
NA37
77%
NA40
77%
NA43
77%
NA47
77%
N122
69%
N170
69%
N171
69%
N182
69%
N241
69%
N293
69%
N37
69%
N38
69%
N39
69%
九龍/新界區通宵路線 N3D
69%
N41X
69%
N680
69%
N691
69%
N72
69%
N90
69%
293S
62%
N216
62%
N237
62%
N252
62%
N271
62%
N281
62%
N368
62%
N373
62%
N930
62%
N952
62%
N962
62%
N969
62%
270S
54%
271S
54%
N290
54%
N42A
54%
N619
54%
N796
54%
701S
46%
969N
46%
N276
46%
N64
46%
N213
38%
N214
38%
N73
38%
No matching quizzes found
Score Distribution
Percent of People with Each Score
Percentile by Number Answered
Your Score History
You have not taken this quiz